000 00413pab a2200157 454500
008 180718b2004 xxu||||| |||| 00| 0 eng d
100 _aShukla, S.P.
245 _aIs India shining? Answer with your vote
260 _c2004
300 _ap.7-15.
362 _a17 Apr
650 _aEconomic and social development - India
650 _aEconomic and social development
773 _aMainstream
909 _a60183
999 _c60183
_d60183